000 00290nam a2200121 a 4500
008 101210s1989|||| d
100 1 _aPolívka, B.
245 1 0 _aPredbežný portrét
260 _bČeskoslovenský spisovateľ
_aPraha
_c1989
020 _c35
041 _aces
044 _aCZ
999 _c15111
_d15111